Los tiempos que hacen el presente: historia de un rectorado 1967-1973

Saved in:
Bibliografiske detaljer
Hovedforfatter: Castillo Velasco, Fernando (Author)
Format: Bog
Sprog:spansk
Udgivet: Santiago Lom 1997
Serier:Sin Norte Serie Educación
Fag:
Tags: Tilføj Tag
Ingen Tags, Vær først til at tagge denne postø!

MARC

LEADER 00000nam a2200000 a 4500
001 UCH2204
003 CL-VaPUC
008 090604e19970000CL |||||||||||||||||spa|d
020 |a 9562820416 
082 0 4 |a 378.8  |b CAS  |2 21 
100 0 |a Castillo Velasco, Fernando  |e author  |9 415975 
245 1 4 |a Los tiempos que hacen el presente: historia de un rectorado 1967-1973 
300 |a 377 p 
942 |c BK 
945 |d 20090604 00:00:00  |a rbrito 
260 |a Santiago  |b Lom  |c 1997 
600 0 7 |a PONTIFICIA UNIVERSIDAD CATOLICA DE CHILE  |2 CL-VaPUC  |9 314003 
650 0 |a Educación superior   |9 223851 
650 0 |a Reforma universitaria   |9 307515 
651 7 |a CHILE  |2 CL-VaPUC  |9 536873 
583 |a last modification  |c 20090604 00:00:00  |k Rodrigo Vera 
490 0 |a Sin Norte Serie Educación 
999 |c 333991  |d 333989 
952 |0 0  |1 0  |4 0  |6 378_800000000000000_CAS_1997  |7 0  |8 X  |9 422690  |a FDOBUD  |b FDOBUD  |d 2019-11-22  |i 4556380  |o 378.8 CAS 1997  |p 4556380  |r 2019-11-22  |w 2019-11-22  |y BK_X  |k BUD